Laddar...

Kafkayude Kathakal/

Bibliografiska uppgifter
Huvudupphovsman: Franz Kafka
Övriga upphovsmän: Ravikumar V (tr.)
Materialtyp: Printed Book
Publicerad: Thrissur: Current Books, 2014.
Upplaga:3rd.
Ämnen:
LEADER 00715nam a22002051a 4500
020 |a 9788122612271 
082 |a M301 (FTr.)  |b FRA/K 
100 |a Franz Kafka   |9 150589 
245 |a Kafkayude Kathakal/  |c by Franz Kafka  
250 |a 3rd. 
260 |a Thrissur:  |b Current Books,  |c 2014. 
300 |a 356p. 
650 |a Novel Translation German  |9 150590 
650 |a Stories Malayalam   |9 150591 
650 |a Literature Malayalam  |9 150592 
650 |a Literature  |9 150593 
700 |a Ravikumar V (tr.)  |9 150594 
942 |c BK 
999 |c 141375  |d 141375 
952 |0 0  |1 0  |4 0  |6 M_301_000000000000000_FTR__FRA_K  |7 0  |9 97614  |a SSUS  |b SSUS  |c STACKS  |d 2019-04-10  |g 300.00  |l 3  |o M301 (FTr.) FRA/K  |p 094510  |r 2019-09-16  |s 2019-09-02  |w 2019-04-10  |y BK